Reality Bytes The Role of HR in Today's World (Record no. 93688)

MARC details
000 -LEADER
fixed length control field 00568nam a2200217Ia 4500
005 - DATE AND TIME OF LATEST TRANSACTION
control field 20230420153537.0
008 - FIXED-LENGTH DATA ELEMENTS--GENERAL INFORMATION
fixed length control field 230125s9999 xx 000 0 und d
020 ## - INTERNATIONAL STANDARD BOOK NUMBER
International Standard Book Number 978-93-83572-57-1
041 ## - LANGUAGE CODE
Language code of text/sound track or separate title eng
082 ## - DEWEY DECIMAL CLASSIFICATION NUMBER
Classification number 658.312 44
Item number SHA
100 ## - MAIN ENTRY--PERSONAL NAME
Author Sharma A
245 ## - TITLE STATEMENT
Title Reality Bytes The Role of HR in Today's World
250 ## - EDITION STATEMENT
Edition statement Ed. 1st
260 ## - PUBLICATION, DISTRIBUTION, ETC.
Date of publication, distribution, etc. 2015
Name of publisher, distributor, etc. Vishwakarma Publication
Place of publication, distribution, etc. Pune
300 ## - PHYSICAL DESCRIPTION
Extent 191p
500 ## - GENERAL NOTE
Keywords HRM;HRM Gen<br/>
650 ## - SUBJECT ADDED ENTRY--TOPICAL TERM
Topical term or geographic name entry element HRM;HRM Gen
700 ## - ADDED ENTRY--PERSONAL NAME
Personal name Sharma A
942 ## - ADDED ENTRY ELEMENTS (KOHA)
Koha item type Books
Holdings
Withdrawn status Lost status Damaged status Not for loan Home library Current library Date acquired Vendor Bill number Total Checkouts Full call number Barcode Date last seen Date last checked out Bill Date Koha item type Original Barcode
        Smt. Hiraben Nanavati Institute of Management & Research for Women Smt. Hiraben Nanavati Institute of Management & Research for Women 24/09/2015 Vishwakarma Pub IN309 1 658.312 44 SHA B13838 HIMR-BK-13838 04/03/2024 29/02/2024 07/07/2015 Books B13838